Представление документа в формате MARC21

Поле Инд. ПП Название Значение
Тип записи a
Библиографический уровень m
001 Контрольный номер RU/IS/BASE/264547127
005 Дата корректировки 20250515162205.5
008 Кодируемые данные 19971114
040 00 e Правила каталог. Л.М. 971114
084 a Индекс другой классификации/Индекс ББК 84(2=411.2)52; 84(2=411.2)52-447
090 00 a Полочн. индекс 84(2=411.2)52
x Авторский знак С 166
097 00 a 210
100 10 a Автор Салтыков-Щедрин М. Е.
d Даты 1826-1889
q Полное имя Салтыков-Щедрин Михаил Евграфович; Салтыков Михаил Евграфович; Щедрин Н.
u Дополнение к имени Салтыков М. Е.; Щедрин Н.
245 00 a Заглавие Избранные сочинения
b Продолж. заглавия в 2 т.
c Ответственность примечания В. Баскакова
n Номер части/ раздела Т.2
260 00 a Место издания Москва
b Издательство Художественная литература
c Дата издания 1984
300 00 a Объем 655 с.
336 a Термин вида содержания Текст
337 a Термин типа средства непосредственный
440 00 a Серия Библиотека классики. Русская литература
504 a Библиография Примеч.: с. 636-654
505 a Форматированное содержание Повесть о том, как один мужик друх генералов прокормил
505 0_ a Форматированное содержание Дикий помещик
505 0_ a Форматированное содержание Премудрый пискарь
505 0_ a Форматированное содержание Самоотверженный заяц
505 0_ a Форматированное содержание Бедный волк
505 0_ a Форматированное содержание Добродетели и пороки
505 0_ a Форматированное содержание Медведь на воеводстве
505 0_ a Форматированное содержание Обманщик-газетчик и легковерный читатель
505 0_ a Форматированное содержание Вяленая вобла
505 0_ a Форматированное содержание Орел-меценат
505 0_ a Форматированное содержание Карась-идеалист
505 0_ a Форматированное содержание Игрушечного дела людишки
505 0_ a Форматированное содержание Чижиково горе
505 0_ a Форматированное содержание Верный Трезор
505 0_ a Форматированное содержание Недреманное око
505 0_ a Форматированное содержание Дурак
505 0_ a Форматированное содержание Соседи
505 0_ a Форматированное содержание Здравомыслящий заяц
505 0_ a Форматированное содержание Либерал
505 0_ a Форматированное содержание Баран-непомнящий
505 0_ a Форматированное содержание Коняга
505 0_ a Форматированное содержание Праздный разговор
505 0_ a Форматированное содержание Деревенский пожар
505 0_ a Форматированное содержание Путем-дорогою
505 0_ a Форматированное содержание Гиена
505 0_ a Форматированное содержание Приключение с Крамольниковым
505 0_ a Форматированное содержание Христова ночь
505 0_ a Форматированное содержание Ворон-челобитчик
505 0_ a Форматированное содержание Рождественская сказка
505 0_ a Форматированное содержание Пошехонская старина
650 a Основная рубрика художественная литература
653 00 a Ключевые слова XIX век
a Ключевые слова Россия
a Ключевые слова русская литература
655 00 a Жанр/ форма (устаревшее) проза
a Жанр/ форма (устаревшее) сказка
a Жанр/ форма (устаревшее) повесть
700 10 a Автор Баскаков В.
e Роль лиц автор примечаний
901 t Тип документа m
952 a Тип литературы для КСУ ВШ ЛХИ